Countries that usually allow dual citizenship - Statistics

General Stats
  • This quiz has been taken 42 times
  • The average score is 44 of 60
Answer Stats
Continent Country % Correct
Oceania Australia
95%
South America Brazil
93%
North America Canada
93%
Europe France
93%
Asia/ Europe Russia
93%
Europe Sweden
93%
South America Argentina
90%
Europe Italy
90%
South America Bolivia
88%
Europe Finland
88%
Europe Ireland
88%
North America Mexico
88%
Oceania New Zealand
88%
South America Peru
88%
Europe United Kingdom
88%
North America United States of America
88%
Europe Belgium
85%
Europe Greece
85%
Europe Iceland
85%
South America Ecuador
83%
Asia Iraq
83%
Europe Poland
83%
South America Guyana
80%
Asia Iran
80%
Europe Portugal
80%
Europe Switzerland
80%
South America Uruguay
78%
Europe Albania
75%
Africa Morocco
75%
North America Panama
75%
Europe Romania
75%
Africa Zimbabwe
75%
Asia Afghanistan
73%
North America Costa Rica
73%
Africa Mali
73%
Africa Rwanda
73%
Africa Sudan
73%
North America Guatemala
70%
Africa Angola
68%
North America Jamaica
68%
Africa Kenya
68%
Africa South Sudan
68%
Africa Tunisia
68%
Asia United Arab Emirates
68%
Europe Hungary
65%
Asia the Philippines
65%
Asia Vietnam
65%
Asia Cambodia
63%
Asia Jordan
63%
Asia Lebanon
60%
Africa Mozambique
60%
Asia Uzbekistan
60%
Asia Azerbaijan
55%
Africa Burundi
55%
Africa Sierra Leone
55%
Europe Cyprus
53%
Africa Gabon
48%
Africa Burkina Faso
45%
Africa Comoros
45%
Africa Mauritius
40%
No matching quizzes found
Score Distribution
Percent of People with Each Score
Percentile by Number Answered
Your Score History
You have not taken this quiz